[Event "37th World Junior Girls"]
[Site "New Delhi IND"]
[Date "2019.10.17"]
[Round "4.25"]
[White "Pychova, Nela"]
[Black "Onur, Cigdem"]
[Result "1/2-1/2"]
[WhiteTitle "WFM"]
[WhiteElo "2178"]
[BlackElo "1913"]
[WhiteFideId "351369"]
[BlackFideId "6346030"]
[EventDate "2019.10.15"]

1. e4 c5 2. Nc3 e6 3. Nf3 d5 4. exd5 exd5 5. Bb5+ Nc6 6. O-O Nf6 7. h3 Be7 8. d4
cxd4 9. Nxd4 Bd7 10. Nde2 a6 11. Ba4 Na5 12. Bb3 Nxb3 13. axb3 Bc6 14. Nd4 Qd7
15. Re1 O-O 16. Be3 Rfe8 17. Qd3 Bc5 18. Rad1 Rad8 19. Bg5 Rxe1+ 20. Rxe1 Re8
21. Rxe8+ Qxe8 22. Bxf6 Qe1+ 23. Qf1 Qxf1+ 24. Kxf1 gxf6 25. Nxc6 bxc6 26. Ne2
Kg7 27. Nf4 Bd6 28. Nd3 Kg6 29. Ke2 Kf5 30. Ke3 c5 31. c3 a5 32. Ne1 Bf4+ 33.
Kd3 Ke6 34. g3 Bc7 35. Nc2 Bb6 36. Ne3 Ke5 37. c4 d4 38. Nd5 Bd8 39. Ke2 f5 40.
Nf4 Be7 41. Nd3+ Kf6 42. f4 Bd6 43. Ne1 Ke6 44. Nf3 h6 45. Kd3 Kd7 46. Kc2 Ke6
47. Kb1 Be7 48. Ne5 Bd8 49. Ka2 Bc7 50. Nd3 Kd6 51. Ne5 Ke6 52. Nf3 Bd8 53. Ka3
Kd6 54. Ne5 Bf6 55. Nd3 Kc6 56. Ne1 Kb6 57. Ka2 Kc6 58. Kb1 Kd6 59. Nd3 Kc6 60.
Kc2 Kd6 61. Kd1 Bg7 62. Ke2 Bf6 63. Kf3 h5 64. g4 hxg4+ 65. hxg4 fxg4+ 66. Kxg4
Be7 67. Kf5 Bd8 68. Ne5 Ke7 69. Nd3 Kd6 70. Ke4 Bf6 71. Nf2 Bd8 72. Kf5 Be7 73.
Nd3 Bd8 74. Nf2 Be7 75. Nd3 Bd8 1/2-1/2

[Event "37th World Junior Girls"]
[Site "New Delhi IND"]
[Date "2019.10.17"]
[Round "4.32"]
[White "Munkhzul, Turmunkh"]
[Black "Ananya, Suresh"]
[Result "1-0"]
[WhiteTitle "WIM"]
[BlackTitle "WCM"]
[WhiteElo "2332"]
[BlackElo "1896"]
[WhiteFideId "4901878"]
[BlackFideId "25004450"]
[EventDate "2019.10.15"]

1. e4 c5 2. Nf3 d6 3. d4 cxd4 4. Nxd4 a6 5. c4 Nf6 6. Nc3 e6 7. Be2 Be7 8. O-O
O-O 9. Be3 Nbd7 10. Rc1 Qc7 11. f4 b6 12. Bf3 Bb7 13. f5 e5 14. Nd5 Qd8 15. Nb3
Nxd5 16. cxd5 Nc5 17. Nxc5 bxc5 18. Rc3 a5 19. Be2 Bf6 20. Bd2 Bc8 21. Rh3 Bg5
22. Bxg5 Qxg5 23. Rg3 Qf6 24. Rff3 Bd7 25. Qd2 a4 26. Rh3 Rfb8 27. g4 h6 28. Rh5
Kf8 29. h4 a3 30. b3 Bb5 31. g5 Qd8 32. gxh6 gxh6 33. Qxh6+ Ke7 34. Qg5+ Kd7 35.
Qxd8+ Kxd8 36. Bxb5 1-0

[Event "37th World Junior Girls"]
[Site "New Delhi IND"]
[Date "2019.10.17"]
[Round "4.43"]
[White "Mirza, Diana"]
[Black "Arushi, Kotwal"]
[Result "1/2-1/2"]
[WhiteTitle "WFM"]
[BlackTitle "WCM"]
[WhiteElo "1986"]
[BlackElo "1657"]
[WhiteFideId "2503999"]
[BlackFideId "25060856"]
[EventDate "2019.10.15"]

1. d4 Nf6 2. Nf3 g6 3. Nbd2 d5 4. b4 Bg7 5. e3 c6 6. c4 O-O 7. a4 Nbd7 8. Bd3 a5
9. b5 c5 10. Bb2 cxd4 11. Bxd4 Re8 12. cxd5 Nxd5 13. Bxg7 Kxg7 14. Bc4 N7b6 15.
Bb3 Nb4 16. O-O Bg4 17. Qb1 Bxf3 18. Nxf3 e6 19. Qe4 Qd3 20. Qe5+ Kg8 21. Nd4
Nc4 22. Qg5 e5 23. Rfd1 Nd2 24. Qf6 Nxb3 25. Rxd3 Nxa1 26. Rd1 exd4 27. Rxa1 d3
28. Rd1 Re6 29. Qc3 b6 30. h4 h5 31. g3 Rd8 32. Kg2 Rd5 33. Qc8+ Kg7 34. Qc3+
Kg8 35. Qc8+ Kg7 36. Qc3+ Kf8 37. Qc8+ Kg7 1/2-1/2

[Event "37th World Junior Girls"]
[Site "New Delhi IND"]
[Date "2019.10.18"]
[Round "5.1"]
[White "Assaubayeva, Bibisara"]
[Black "Altantuya, Boldbaatar"]
[Result "1/2-1/2"]
[WhiteTitle "FM"]
[BlackTitle "WFM"]
[WhiteElo "2381"]
[BlackElo "2277"]
[WhiteFideId "13708694"]
[BlackFideId "4902785"]
[EventDate "2019.10.15"]

1. d4 Nf6 2. c4 e6 3. Nf3 b6 4. g3 Bb7 5. Bg2 Be7 6. O-O O-O 7. Nc3 Ne4 8. Bd2
d5 9. cxd5 exd5 10. Rc1 Nd7 11. Bf4 c5 12. dxc5 Nxc3 13. Rxc3 bxc5 14. Ne1 Nb6
15. Rd3 Qc8 16. Nc2 d4 17. Bxb7 Qxb7 18. Bc1 a5 19. e3 dxe3 20. Nxe3 Rfd8 21.
Re1 Bf6 22. Nf5 Rxd3 23. Qxd3 Qd7 24. Qc2 Qc6 25. Be3 Nd7 26. Bd4 h6 27. Bc3 Kh8
28. Qd2 Bxc3 29. bxc3 Nf8 30. Nd6 Kg8 31. Qf4 Qd7 32. Nf5 Ng6 33. Qg4 Rd8 34. h4
Qd2 35. Rf1 h5 36. Qxh5 Qxc3 37. Qg5 Qf6 38. Nh6+ Kf8 39. Qxc5+ Qe7 40. Qxe7+
Nxe7 41. Ng4 f6 42. Ne3 Rd2 43. Ra1 Nc6 44. Rc1 Ne5 45. Rc2 Rd3 46. Kf1 g6 47.
Ke2 Rd6 48. Rc5 Nc6 49. Rd5 Re6 50. Kd2 Ke7 51. Rb5 Re4 52. Nd5+ Ke6 53. Nf4+
Kf7 54. Rb7+ Ne7 55. Kc3 Re5 56. a4 Rc5+ 57. Kd4 Re5 58. Kd3 g5 59. hxg5 Rxg5
60. Rb5 Nc6 61. Rb7+ Ke8 62. Rc7 Ne5+ 63. Ke4 Nd7 64. Kd4 Nb6 65. Rc6 Nxa4 66.
Rxf6 Nb2 67. Ne2 Ke7 68. Rb6 Na4 69. Rb1 Kd6 70. f4 Rd5+ 71. Ke3 Nc5 72. Nd4 Rh5
73. f5 Rh3 74. Kf4 Nd3+ 75. Kg4 Rh8 76. Rb5 Rg8+ 77. Kf3 Ne5+ 78. Kg2 Ra8 79.
Nc2 a4 80. Nb4 Nc4 81. Rd5+ Ke7 82. Rc5 Nd2 83. g4 Rg8 84. Re5+ Kf6 85. Re6+ Kg5
86. Nd5 a3 87. Ra6 Rb8 88. Rxa3 Kxg4 89. f6 Ne4 90. Ra4 Kf5 91. f7 Nd6 92. Rf4+
Ke5 93. f8=Q Rxf8 94. Rxf8 Kxd5 1/2-1/2

[Event "37th World Junior Girls"]
[Site "New Delhi IND"]
[Date "2019.10.18"]
[Round "5.2"]
[White "Arpita, Mukherjee"]
[Black "Rakshitta, Ravi"]
[Result "1/2-1/2"]
[WhiteTitle "WIM"]
[BlackTitle "WIM"]
[WhiteElo "2271"]
[BlackElo "2310"]
[WhiteFideId "5056403"]
[BlackFideId "25073230"]
[EventDate "2019.10.15"]

1. e4 e5 2. Nf3 Nc6 3. Bb5 a6 4. Ba4 Nf6 5. d3 b5 6. Bb3 Be7 7. O-O Bb7 8. a4
O-O 9. Nc3 Na5 10. axb5 Nxb3 11. cxb3 axb5 12. Rxa8 Qxa8 13. Nxb5 Rb8 14. Nc3 d6
15. Qc2 h6 16. Re1 c5 17. Ne2 Ba6 18. Be3 Qb7 19. Ra1 Qb5 20. Qc4 Rb6 21. Qxb5
Bxb5 22. Ra8+ Kh7 23. Ra7 Ng8 24. Nc1 g6 25. Kf1 Kg7 26. Nd2 Rb8 27. Nc4 Kf8 28.
Ke2 f5 29. exf5 gxf5 30. f4 e4 31. Kd2 Nf6 32. h3 Nd5 33. g4 fxg4 34. hxg4 exd3
35. Nxd3 Nf6 36. g5 hxg5 37. fxg5 Ne4+ 38. Kc2 Bxc4 1/2-1/2

[Event "37th World Junior Girls"]
[Site "New Delhi IND"]
[Date "2019.10.18"]
[Round "5.3"]
[White "Alinasab, Mobina"]
[Black "Priyanka, Nutakki"]
[Result "1-0"]
[WhiteTitle "WIM"]
[BlackTitle "WIM"]
[WhiteElo "2239"]
[BlackElo "2248"]
[WhiteFideId "12528897"]
[BlackFideId "25049615"]
[EventDate "2019.10.15"]

1. e4 e6 2. d4 d5 3. Nc3 Nf6 4. e5 Nfd7 5. f4 c5 6. Nf3 Nc6 7. Be3 Be7 8. Qd2
O-O 9. dxc5 Bxc5 10. O-O-O a6 11. Bxc5 Nxc5 12. Qe3 Qb6 13. Nd4 Bd7 14. f5 f6
15. exf6 Rxf6 16. fxe6 Bxe6 17. Kb1 Bf7 18. Nb3 d4 19. Nxd4 Re8 20. Qg1 Rd6 21.
Be2 Na5 22. Nb3 Rxd1+ 23. Bxd1 Naxb3 24. axb3 Qd6 25. Bf3 b5 26. Qd1 Qg6 27. Re1
Rxe1 28. Qxe1 Bxb3 29. Ne4 Ba4 30. Nxc5 Qxc2+ 31. Ka1 1-0

[Event "37th World Junior Girls"]
[Site "New Delhi IND"]
[Date "2019.10.18"]
[Round "5.4"]
[White "Yakubbaeva, Nilufar"]
[Black "Tsolakidou, Stavroula"]
[Result "0-1"]
[BlackTitle "IM"]
[WhiteElo "2281"]
[BlackElo "2431"]
[WhiteFideId "14204487"]
[BlackFideId "4264312"]
[EventDate "2019.10.15"]

1. e4 c5 2. c3 d5 3. exd5 Qxd5 4. d4 Nf6 5. Nf3 e6 6. Be2 cxd4 7. cxd4 Be7 8.
Nc3 Qd6 9. O-O O-O 10. Bg5 Nc6 11. Nb5 Qd8 12. Ne5 Bd7 13. Rc1 Be8 14. Bd3 Qb6
15. Rc3 h6 16. Bxh6 gxh6 17. Ng4 Nb4 18. Nxh6+ Kg7 19. Nc7 Rd8 20. Bb1 Rh8 21.
Rg3+ Kf8 22. Qc1 Nh5 23. Rh3 Rc8 24. Rc3 Rd8 25. Rh3 Rc8 26. Rc3 Rd8 27. Rh3 Nf6
28. Rg3 Rxd4 29. Rh3 Qc5 30. Nxf7 Qxc1 31. Rxh8+ Kxf7 32. Rxc1 Bc6 33. a3 Nbd5
34. Nxd5 Bxd5 35. Rh3 Rd2 36. b4 Bd8 37. Rd3 Rb2 38. Rdc3 Rd2 39. Rd3 Re2 40.
Kf1 Re5 41. Re3 Rh5 42. Rh3 Rxh3 43. gxh3 a5 44. Bd3 axb4 45. axb4 Be7 46. b5
Bd6 47. Bc4 Be4 48. Ke2 Nh5 49. f3 Bf5 50. Ra1 b6 51. Ra7+ Kf6 52. Rb7 Bc5 53.
h4 Ke5 54. Kd2 Nf4 55. h5 Nxh5 56. Bd3 Bh3 57. Rh7 Nf4 58. Be2 Bg1 59. Ke1 Kd6
60. Rg7 Bxh2 61. Bf1 Bf5 62. Kf2 Nd5 63. Bc4 Be5 64. Rg8 Bd4+ 65. Kg3 Nc3 66.
Rc8 Nd5 67. Rd8+ Ke7 68. Ra8 Nc7 69. Rc8 Kd7 70. Rg8 Bc2 71. f4 Ba4 72. Rg5 Bc2
73. Be2 Kd6 74. Rg8 Bc5 75. Rd8+ Ke7 76. Rg8 Ba4 77. Rg7+ Kd6 78. Rg6 Bc2 79.
Rh6 Be4 80. Bc4 Nd5 81. Rh8 Be3 82. Bxd5 Kxd5 83. Rh5+ Bf5 84. Kf3 Bc5 85. Rh2
Kc4 86. Rb2 Bd4 0-1

[Event "37th World Junior Girls"]
[Site "New Delhi IND"]
[Date "2019.10.18"]
[Round "5.5"]
[White "Diakonova, Ekaterina"]
[Black "Shuvalova, Polina"]
[Result "0-1"]
[BlackTitle "WIM"]
[WhiteElo "2231"]
[BlackElo "2412"]
[WhiteFideId "24172936"]
[BlackFideId "24171760"]
[EventDate "2019.10.15"]

1. e4 c5 2. Nf3 Nc6 3. d4 cxd4 4. Nxd4 e5 5. Nb5 d6 6. N1c3 a6 7. Na3 Be7 8. Nc4
b5 9. Ne3 Nf6 10. Ned5 Be6 11. Be3 O-O 12. Be2 Rc8 13. O-O Bxd5 14. exd5 Nb8 15.
a4 b4 16. Na2 a5 17. c3 bxc3 18. Nxc3 Nbd7 19. Bb5 h6 20. Qe2 Nc5 21. Bc6 Nfd7
22. f3 Bg5 23. Bf2 Nb8 24. Bb5 f5 25. Ra3 Bh4 26. g3 Bf6 27. Rb1 Nbd7 28. b4
axb4 29. Rxb4 e4 30. f4 Qa5 31. Na2 Kh8 32. Be1 Qc7 33. a5 Nd3 34. Bxd3 exd3 35.
Qxd3 Nc5 36. Qd1 Rfe8 37. Bf2 Ra8 38. Rb5 Ne4 39. Bb6 Qd7 40. Rb1 Reb8 41. Qd3
Nc5 42. Qc2 Qf7 43. Nc3 Bd4+ 44. Kg2 Bxc3 45. Qxc3 Qxd5+ 46. Qf3 Ne4 47. Rd1 Qc6
48. Rad3 Rxb6 49. axb6 Qxb6 50. R3d2 Rc8 51. Qd3 Rc3 52. Qd4 Qc6 53. Qd5 Nxd2
54. Rxd2 g6 55. Qxc6 Rxc6 56. Kf3 Kg7 57. Ke3 Kf6 58. Kd4 Rc5 59. Re2 g5 60.
fxg5+ hxg5 61. Re8 Rc2 62. Rf8+ Ke6 63. Rg8 Kf6 64. Rf8+ Kg6 65. Rh8 Rd2+ 66.
Ke3 Ra2 67. Rd8 Ra6 68. Rf8 g4 69. Kd4 Ra2 70. Rh8 Kg7 71. Rh5 Kg6 72. Rh8 Rd2+
73. Ke3 Rg2 74. Kf4 Rf2+ 75. Ke3 Rb2 76. Kd4 Kg7 77. Rh5 Kf6 78. Rh6+ Kg5 79.
Rh8 Rd2+ 80. Ke3 Rd1 81. Ke2 Ra1 82. Ke3 Re1+ 83. Kd4 Rd1+ 84. Ke3 Kf6 85. Ke2
Rh1 86. Ke3 Rd1 87. Ke2 Ra1 88. Ke3 Ke5 89. Re8+ Kd5 90. Rf8 Ra3+ 91. Ke2 Ke4
92. Re8+ Kd4 93. Rf8 Ra2+ 94. Ke1 Ke4 95. Rh8 d5 96. h3 gxh3 97. Rxh3 d4 98. Kd1
Rg2 99. Ke1 d3 100. Rh8 Rxg3 101. Re8+ Kf3 102. Kd2 Kf2 103. Rf8 Rf3 104. Rf7 f4
105. Rf8 Kg2 106. Rg8+ Rg3 107. Rf8 f3 108. Kxd3 Rg7 109. Ke3 Re7+ 110. Kf4 f2
111. Rg8+ Kf1 112. Ra8 Rf7+ 113. Ke3 Kg2 114. Rg8+ Kh3 115. Rh8+ Kg4 0-1

[Event "37th World Junior Girls"]
[Site "New Delhi IND"]
[Date "2019.10.18"]
[Round "5.8"]
[White "Olde, Margareth"]
[Black "Berdnyk, Mariia"]
[Result "1/2-1/2"]
[WhiteTitle "WFM"]
[WhiteElo "2205"]
[BlackElo "2349"]
[WhiteFideId "4503082"]
[BlackFideId "14137054"]
[EventDate "2019.10.15"]

1. d4 Nf6 2. c4 g6 3. Nf3 Bg7 4. Nc3 O-O 5. e4 d6 6. h3 e5 7. d5 a5 8. g4 Na6 9.
Be3 Nd7 10. a3 Nb6 11. Rg1 Bd7 12. h4 Nc5 13. b3 a4 14. b4 Nb3 15. Rb1 c5 16.
bxc5 Nc8 17. Nb5 dxc5 18. Bd3 Bxb5 19. cxb5 Nd6 20. Nd2 c4 21. Nxc4 Nxb5 22. Rb2
N5d4 23. Bxd4 exd4 24. Nd2 Nc5 25. Nf3 Re8 26. Re2 Qa5+ 27. Kf1 Qc3 28. Ne1 Qxa3
29. f4 Qb3 30. Qxb3 Nxb3 31. e5 a3 32. Ra2 Nc1 33. Ra1 a2 34. Rg2 Rec8 35. d6
Rc3 36. Rd2 Kf8 37. Bc2 b5 38. Rd1 b4 39. Rdxc1 b3 40. Bxb3 Rxc1 41. Rxc1 a1=Q
42. Rxa1 Rxa1 43. Kf2 Ra3 44. Bc4 Ra4 45. Bd3 Ra5 46. g5 Bxe5 47. fxe5 Rxe5 48.
Nc2 Rd5 49. Kf3 f6 50. gxf6 Rxd6 51. Ke4 Rxf6 52. Nxd4 Kg7 53. Ne2 Rf2 54. Nd4
Kh6 55. Nf3 Kh5 56. Kf4 Rg2 57. Bb5 Rg4+ 58. Ke3 Rb4 59. Bd7 Kh6 60. Kf2 Kg7 61.
Kg3 Kf6 62. Bc8 Ke7 63. Bg4 h5 64. Bc8 Kd6 65. Bh3 Kd5 66. Bd7 Ke4 67. Ng5+ Ke3
68. Be8 Rb6 69. Bf7 Rf6 70. Be8 1/2-1/2

[Event "37th World Junior Girls"]
[Site "New Delhi IND"]
[Date "2019.10.18"]
[Round "5.12"]
[White "Narva, Mai"]
[Black "Chitlange, Sakshi"]
[Result "0-1"]
[WhiteTitle "WIM"]
[BlackTitle "WIM"]
[WhiteElo "2378"]
[BlackElo "2175"]
[WhiteFideId "4500512"]
[BlackFideId "35002899"]
[EventDate "2019.10.15"]

1. e4 c6 2. d4 d5 3. exd5 cxd5 4. Bd3 Nc6 5. c3 Nf6 6. Bf4 Bg4 7. Qb3 Qd7 8. Nd2
e6 9. Ngf3 Bd6 10. Bxd6 Qxd6 11. Qxb7 Rb8 12. Qa6 O-O 13. Bb5 Rb6 14. Qa4 Ne7
15. b3 Qc7 16. Rc1 Bxf3 17. Nxf3 Ne4 18. Qa5 Rc8 19. c4 Nd6 20. Ba6 Nc6 21. Qa3
Rxa6 22. Qxa6 Nb4 23. Qa4 Nd3+ 24. Ke2 dxc4 25. Rc2 Nf4+ 26. Kd1 c3 27. Kc1 Qb7
28. Rd1 Nd5 29. Re2 Nb4 30. Ne1 Nf5 31. g3 Rc6 32. Nc2 Nd5 33. Kb1 Nd6 34. Rd3
Ra6 35. Qa3 Rxa3 36. Nxa3 Qa6 0-1

[Event "37th World Junior Girls"]
[Site "New Delhi IND"]
[Date "2019.10.18"]
[Round "5.13"]
[White "Dordzhieva, Dinara"]
[Black "Harshita, Guddanti"]
[Result "1-0"]
[WhiteTitle "WIM"]
[BlackTitle "WIM"]
[WhiteElo "2335"]
[BlackElo "2123"]
[WhiteFideId "24157570"]
[BlackFideId "25043250"]
[EventDate "2019.10.15"]

1. d4 Nf6 2. c4 e6 3. Nc3 Bb4 4. Qc2 c5 5. dxc5 O-O 6. a3 Bxc5 7. Nf3 b6 8. Bg5
Bb7 9. e3 Be7 10. Be2 h6 11. Bh4 d5 12. Rd1 Nbd7 13. O-O Rc8 14. Rd2 Ba6 15.
cxd5 Bxe2 16. Rxe2 Nxd5 17. Bxe7 Nxe7 18. Rd2 Qc7 19. Rfd1 Ne5 20. Nxe5 Qxe5 21.
Qd3 Nc6 22. Nb5 Rfd8 23. Nd6 Rc7 24. h3 Qa5 25. b4 g5 1-0

[Event "37th World Junior Girls"]
[Site "New Delhi IND"]
[Date "2019.10.18"]
[Round "5.16"]
[White "Protopopova, Anastasiya"]
[Black "Dwilewicz, Katarzyna"]
[Result "1-0"]
[WhiteTitle "WFM"]
[BlackTitle "WFM"]
[WhiteElo "2263"]
[BlackElo "2106"]
[WhiteFideId "24172073"]
[BlackFideId "1148486"]
[EventDate "2019.10.15"]

1. d4 Nf6 2. c4 g6 3. Nc3 Bg7 4. e4 d6 5. h3 O-O 6. Be3 e5 7. d5 a5 8. g4 Na6 9.
Nf3 Nc5 10. Qc2 Nfd7 11. O-O-O Nb6 12. Kb1 Bd7 13. Nd2 Nba4 14. Nb5 Qb8 15. b3
Nb6 16. Nf3 Nc8 17. Be2 Ra6 18. Ne1 Ne7 19. f3 Rc8 20. h4 Be8 21. Qd2 f5 22.
gxf5 gxf5 23. Nd3 Nxd3 24. Qxd3 f4 25. Bf2 a4 26. b4 Kh8 27. h5 Bf6 28. a3 Bf7
29. c5 Rg8 30. Bf1 Ra8 31. cxd6 cxd6 32. Bb6 Ra6 33. Bc7 Qf8 34. Nxd6 Nxd5 35.
Nxf7+ Qxf7 36. Qxd5 Qxc7 37. Bxa6 bxa6 38. Rc1 Qb8 39. Rc6 Rd8 40. Qe6 Rf8 41.
Rhc1 1-0

[Event "37th World Junior Girls"]
[Site "New Delhi IND"]
[Date "2019.10.18"]
[Round "5.17"]
[White "Zhang, Xiao"]
[Black "Salimova, Nurgyul"]
[Result "1/2-1/2"]
[BlackTitle "FM"]
[WhiteElo "2053"]
[BlackElo "2415"]
[WhiteFideId "8610894"]
[BlackFideId "2915138"]
[EventDate "2019.10.15"]

1. d4 Nf6 2. c4 g6 3. Nc3 d5 4. cxd5 Nxd5 5. e4 Nxc3 6. bxc3 Bg7 7. Bc4 c5 8.
Ne2 O-O 9. Be3 Nc6 10. Rc1 b6 11. O-O Qc7 12. Qa4 Bb7 13. Rfd1 Na5 14. Bd3 Rfd8
15. d5 e6 16. c4 Bc8 17. Bg5 f6 18. Bh4 e5 19. Nc3 Bd7 20. Qc2 Nb7 21. a4 Nd6
22. Ra1 a5 23. Rab1 Re8 24. Rb3 Rab8 25. Rdb1 Rb7 26. Qb2 Reb8 27. Be2 Qc8 28.
Bd3 Qf8 29. Qa2 Bh6 30. R1b2 Bc1 31. Rc2 Bf4 32. Bg3 Bxg3 33. hxg3 Ne8 34. Kf1
Nc7 35. Ke2 Na6 36. Rc1 Qh6 37. Qb1 Qh2 38. Rg1 Nb4 39. Nb5 Rf8 40. Qf1 Qh4 41.
f3 Nxd3 42. Rxd3 f5 43. Re3 Qg5 44. Qe1 f4 45. gxf4 Qxf4 46. Rh1 Bxb5 47. axb5
g5 48. Rd3 g4 49. Kd1 Rg7 50. Rh4 Qf6 51. Rxg4 Rxg4 52. fxg4 Qg5 53. Qe2 a4 54.
Kc2 Qh4 55. g3 Qh1 56. Rd1 Qh3 57. Rd3 Qh1 58. Rd1 Qh3 59. Rd3 Qh1 60. Rd1 1/2-1/2

[Event "37th World Junior Girls"]
[Site "New Delhi IND"]
[Date "2019.10.18"]
[Round "5.18"]
[White "Gomez Barrera, Javiera Belen"]
[Black "Potapova, Margarita"]
[Result "1/2-1/2"]
[WhiteTitle "WIM"]
[BlackTitle "WFM"]
[WhiteElo "2033"]
[BlackElo "2377"]
[WhiteFideId "3418723"]
[BlackFideId "14126869"]
[EventDate "2019.10.15"]

1. e4 c5 2. Nf3 d6 3. d4 cxd4 4. Nxd4 Nf6 5. Nc3 a6 6. Be3 e5 7. Nb3 Be6 8. h3
Be7 9. g4 d5 10. exd5 Nxd5 11. Bg2 Nxe3 12. Qxd8+ Bxd8 13. fxe3 Bh4+ 14. Kf1 Nc6
15. Nc5 O-O 16. Bxc6 bxc6 17. N3e4 Bd5 18. b3 g6 19. Rg1 Kh8 20. g5 Bxe4 21.
Nxe4 h6 22. Rg4 Bxg5 23. Nxg5 hxg5 24. Rxg5 Rad8 25. Ke2 Rfe8 26. h4 Kg7 27.
Rag1 Rd6 28. h5 Kh6 29. hxg6 fxg6 30. R5g4 Red8 31. Kf3 Rf8+ 32. Ke2 Rfd8 33.
Kf3 Rf8+ 34. Ke2 Rfd8 35. Kf3 1/2-1/2

[Event "37th World Junior Girls"]
[Site "New Delhi IND"]
[Date "2019.10.18"]
[Round "5.19"]
[White "Bakshi, Rutuja"]
[Black "Munkhzul, Turmunkh"]
[Result "0-1"]
[BlackTitle "WIM"]
[WhiteElo "2029"]
[BlackElo "2332"]
[WhiteFideId "5016509"]
[BlackFideId "4901878"]
[EventDate "2019.10.15"]

1. Nf3 Nf6 2. c4 e6 3. d4 b6 4. g3 Bb7 5. Bg2 Bb4+ 6. Bd2 Bxd2+ 7. Nbxd2 O-O 8.
Qc2 d6 9. O-O Nbd7 10. Rad1 Qe7 11. e4 e5 12. Rfe1 a5 13. b3 Rfe8 14. h3 Nf8 15.
Qc3 Ng6 16. Nh2 exd4 17. Qxd4 Qe5 18. Qd3 Qc5 19. Nhf1 Ne5 20. Qb1 Nc6 21. Ne3
Nd4 22. Qd3 Nc6 23. Qb1 Nb4 24. Nd5 Nbxd5 25. cxd5 b5 26. Nf3 Rad8 27. Qd3 Qb6
28. Nd4 b4 29. Bf1 Re7 30. Re3 Rde8 31. Bg2 Nd7 32. Rde1 Nc5 33. Qd1 f6 34. Kh2
Bc8 35. Qd2 Bd7 36. f4 Ra8 37. f5 Bb5 38. g4 Nd7 39. Rg3 h6 40. h4 Kf7 41. Ne6
Rh8 42. Bf3 c5 43. Kg2 Ree8 44. g5 hxg5 45. hxg5 Reg8 46. Rh1 Rxh1 47. Kxh1 Qb8
48. Bh5+ Ke7 49. Qg2 g6 50. gxf6+ Nxf6 51. Bxg6 Rh8+ 52. Rh3 Bd3 53. Ng5 c4 54.
bxc4 b3 55. axb3 Rxh3+ 56. Qxh3 Qxb3 57. Qh8 Qd1+ 58. Kh2 Qd2+ 59. Kh1 Qc1+ 60.
Kh2 Qb2+ 61. Kg1 Qa1+ 62. Kg2 Bf1+ 63. Kf3 Qc3+ 64. Kf4 Nxd5+ 65. cxd5 Qxh8 66.
Nh7 a4 67. f6+ Qxf6+ 68. Nxf6 Kxf6 69. e5+ dxe5+ 70. Ke3 Kxg6 71. d6 Bb5 0-1

[Event "37th World Junior Girls"]
[Site "New Delhi IND"]
[Date "2019.10.18"]
[Round "5.20"]
[White "Vlkova, Anezka"]
[Black "Li, Yunshan"]
[Result "0-1"]
[BlackTitle "WFM"]
[WhiteElo "1972"]
[BlackElo "2289"]
[WhiteFideId "364339"]
[BlackFideId "8607664"]
[EventDate "2019.10.15"]

1. e4 c6 2. Nc3 d5 3. Nf3 dxe4 4. Nxe4 Nf6 5. Qe2 Nxe4 6. Qxe4 Qd5 7. Qh4 Qe6+
8. Be2 Qg4 9. Qg3 Qxg3 10. hxg3 g6 11. d4 Bf5 12. c3 h6 13. Ne5 Nd7 14. g4 Be6
15. Nxd7 Kxd7 16. g5 h5 17. Bf4 Bg7 18. O-O-O Bxa2 19. c4 a5 20. Rh3 a4 21. d5
c5 22. g4 h4 23. Rdh1 Ra6 24. Kc2 Rb6 25. Bc1 Rb4 26. Rxh4 Rxh4 27. Rxh4 Bxc4
28. Rh7 Be5 29. f4 Bxf4 30. Bxf4 Bb3+ 31. Kd2 Rxf4 32. Ke3 Rb4 33. Rxf7 Bxd5 34.
Rf4 Rb3+ 35. Kf2 b5 0-1

[Event "37th World Junior Girls"]
[Site "New Delhi IND"]
[Date "2019.10.18"]
[Round "5.23"]
[White "Aakanksha, Hagawane"]
[Black "Srimathi, R"]
[Result "1-0"]
[WhiteTitle "WIM"]
[WhiteElo "2181"]
[BlackElo "1914"]
[WhiteFideId "25014510"]
[BlackFideId "25065378"]
[EventDate "2019.10.15"]

1. e4 c5 2. Nf3 Nc6 3. d4 cxd4 4. Nxd4 g6 5. c4 Bg7 6. Be3 Nf6 7. Nc3 Ng4 8.
Qxg4 Nxd4 9. Qd1 Ne6 10. Rc1 d6 11. Qd2 Qa5 12. Be2 Bd7 13. O-O Bc6 14. f3 Bxc3
15. Rxc3 Qc7 16. b4 b6 17. Qc2 Rc8 18. f4 f6 19. c5 bxc5 20. bxc5 dxc5 21. f5
Nd8 22. Rxc5 Qb7 23. Rb1 Qa8 24. Rc1 a6 25. Bf3 Rb8 26. Rxc6 Qxc6 27. Qxc6+ Nxc6
28. Rxc6 Ra8 29. fxg6 hxg6 30. e5 fxe5 31. Rxg6 Kf7 32. Rb6 Ra7 33. Bd5+ Kg7 34.
Re6 Rd7 35. Rxe5 Rhd8 36. Bb3 Rh8 37. Rg5+ Kf8 38. Bf4 1-0

[Event "37th World Junior Girls"]
[Site "New Delhi IND"]
[Date "2019.10.18"]
[Round "5.24"]
[White "Pandey, Srishti"]
[Black "Pychova, Nela"]
[Result "1-0"]
[BlackTitle "WFM"]
[WhiteElo "1963"]
[BlackElo "2178"]
[WhiteFideId "35093290"]
[BlackFideId "351369"]
[EventDate "2019.10.15"]

1. Nf3 Nf6 2. g3 b5 3. Na3 a6 4. c4 b4 5. Nc2 c5 6. Bg2 Bb7 7. O-O e6 8. d3 Be7
9. e4 d6 10. Nfe1 Qb6 11. f4 Nc6 12. Be3 O-O 13. g4 Nd7 14. g5 Qd8 15. Qg4 f5
16. exf5 exf5 17. Bd5+ Kh8 18. Qh3 Nb6 19. Bf3 Na5 20. Bd2 g6 21. a3 Bxf3 22.
Nxf3 Nb3 23. axb4 Nxa1 24. Rxa1 Kg8 25. bxc5 dxc5 26. Ne5 Bd6 27. Bc3 Bxe5 28.
Bxe5 Qd7 29. Qe3 Qc6 30. b4 Nd7 31. bxc5 Qxc5 32. Bd4 Qc7 33. Qe6+ Rf7 34. Be3
Nf8 35. Qb6 Qxb6 36. Bxb6 Ne6 37. Be3 Rc7 38. Nb4 a5 39. Nd5 Rb7 40. Ra3 Kf7 41.
c5 Rb1+ 42. Kf2 Rb2+ 43. Kg3 Rc2 44. Nb6 Rd8 45. Nc4 Ke7 46. Nxa5 Rc8 47. d4 Nc7
48. Nc6+ Kd7 49. Nb4 Rb2 50. Nd3 Rb1 51. Kf2 Ke6 52. Nc1 Rcb8 53. Ne2 R8b2 54.
Kf3 Re1 55. Nc3 Rxh2 56. d5+ Kd7 57. Bd4 Rh3+ 58. Kf2 Reh1 59. c6+ Ke7 60. Ra7
R1h2+ 61. Kf1 Rh1+ 62. Ke2 R1h2+ 63. Ke1 Rh1+ 64. Kd2 R1h2+ 65. Kc1 Kd6 66. Be5+
Kc5 67. Rxc7 Kc4 68. Ra7 Rh1+ 69. Kd2 Rd3+ 70. Ke2 Rh2+ 71. Ke1 Re3+ 72. Kf1
Rf3+ 73. Kg1 Rff2 74. Rxh7 Rhg2+ 75. Kh1 Rg4 76. Ne4 Rf1+ 77. Kh2 fxe4 78. c7
Kd3 79. c8=Q Rf2+ 80. Kh3 Rgg2 81. Qc3+ Ke2 82. Qc2+ Ke3 83. Qc1+ Ke2 84. Qh1
Kf3 85. Ra7 e3 86. Ra3 1-0

[Event "37th World Junior Girls"]
[Site "New Delhi IND"]
[Date "2019.10.18"]
[Round "5.26"]
[White "Jayaweera, Sayuni Gihansa"]
[Black "Sapale, Saloni"]
[Result "0-1"]
[WhiteTitle "WCM"]
[BlackTitle "WIM"]
[WhiteElo "1788"]
[BlackElo "2142"]
[WhiteFideId "9917314"]
[BlackFideId "5085527"]
[EventDate "2019.10.15"]

1. d4 Nf6 2. c4 g6 3. Nc3 d5 4. Nf3 Bg7 5. Qb3 dxc4 6. Qxc4 O-O 7. e4 Nc6 8. Be2
Nd7 9. Be3 Nb6 10. Qc5 a5 11. O-O Nb4 12. Rac1 c6 13. a3 Nd7 14. Qg5 Na6 15. d5
cxd5 16. Nxd5 e6 17. Qxd8 Rxd8 18. Nc3 Ndc5 19. Bxa6 Nxa6 20. Bb6 Re8 21. Bxa5
Nc5 22. Bb6 Nd3 23. Rc2 Nxb2 24. Nb5 Bd7 25. Nc7 Rec8 26. Bd4 Bxd4 27. Nxd4 Ra4
28. Rxb2 Rxc7 29. Nb5 Bxb5 30. Rxb5 Rxa3 31. f3 Ra2 32. Rf2 Rc1+ 33. Rf1 Rcc2
34. Rfb1 Rxg2+ 35. Kf1 Rxh2 36. Kg1 Rag2+ 37. Kf1 h5 38. Rxb7 h4 39. Rd1 h3 0-1